Flujo y reflujo en Río Azul (Análisis ecocrítico de Única mirando al mar)
Sparad:
| Huvudupphovsman: | |
|---|---|
| Materialtyp: | Bok |
| Språk: | Undetermined |
| Publicerad: |
San José, Costa Rica
Editorial Porvenir
2006
|
| Ämnen: | |
| Taggar: |
Lägg till en tagg
Inga taggar, Lägg till första taggen!
|
MARC
| LEADER | 00000nam a2200000Ia 4500 | ||
|---|---|---|---|
| 008 | 170316s9999 xx 000 0 und d | ||
| 040 | |a cru BVZT | ||
| 090 | |a C-868 R-1f | ||
| 100 | |a Rojas Pérez, Walter | ||
| 245 | |a Flujo y reflujo en Río Azul (Análisis ecocrítico de Única mirando al mar) | ||
| 260 | |a San José, Costa Rica | ||
| 260 | |b Editorial Porvenir | ||
| 260 | |c 2006 | ||
| 300 | |a 85 páginas | ||
| 650 | |a LITERATURA COSTARRICENSE | ||
| 650 | |a RIO AZUL - ORIGENES | ||
| 650 | |a MEDIO AMBIENTE - RIO AZUL | ||
| 999 | |c 13244 |d 13244 | ||
| 942 | |c 15 D |h C-868 R-1f |2 z | ||
